[Event "Paris-ch op-B 87th"]
[Site "Paris"]
[Date "2012.07.09"]
[Round "3"]
[White "Le Ray, Olivier"]
[Black "Santos Filho, Tadeu Souza"]
[Result "0-1"]
[WhiteElo "1951"]
[BlackElo "2090"]
[PlyCount "100"]
[EventDate "2012.07.07"]
[EventType "swiss"]
[EventRounds "9"]
[EventCountry "FRA"]
[SourceTitle "EXT 2013"]
[Source "ChessBase"]
[SourceDate "2012.11.22"]
[SourceVersion "1"]
[SourceVersionDate "2012.11.22"]
[SourceQuality "1"]

1. e4 c5 2. Nf3 d6 3. d4 cxd4 4. Nxd4 Nf6 5. Nc3 g6 6. Be3 Bg7 7. f3 Nc6 8. Qd2 Bd7 9. g4 Rc8 10. Be2 Ne5 11. Bh6 Bxh6 12. Qxh6 a6 13. h4 Nc4 14. Bxc4 Rxc4 15. 0-0-0 Qa5 16. Nb3 Qe5 17. Nd5 Nxd5 18. exd5 Qf4+ 19. Qxf4 Rxf4 20. Nd4 h5 21. g5 e6 22. dxe6 fxe6 23. Ne2 Rxf3 24. Rxd6 Ke7 25. Rhd1 Bc8 26. R6d4 Rhf8 27. Nc3 Rf1 28. Re4 Rxd1+ 29. Kxd1 Kd6 30. Rd4+ Kc5 31. Ne2 e5 32. b4+ Kc6 33. Re4 Kd6 34. c4 Rf1+ 35. Kd2 Bf5 36. c5+ Ke6 37. Re3 Rh1 38. Nf4+ Kf7 39. Rxe5 Rxh4 40. Nd5 Be6 41. Kc3 Rh3+ 42. Kb2 Rh2+ 43. Ka3 Rd2 44. Nc3 h4 45. Re4 h3 46. Rh4 Kg7 47. b5 axb5 48. Nxb5 h2 49. Nc7 Rd3+ 50. Kb2 Bh3 0-1

[Event "Paris-ch op-A"]
[Site "Paris"]
[Date "2010.07.11"]
[Round "9"]
[White "Vignier, Pascal"]
[Black "Le Ray, Olivier"]
[Result "1-0"]
[WhiteElo "2018"]
[BlackElo "1927"]
[PlyCount "83"]
[EventDate "2010.07.03"]
[EventType "swiss"]
[EventRounds "9"]
[EventCountry "FRA"]
[SourceTitle "CBM 137 Extra"]
[Source "ChessBase"]
[SourceDate "2010.09.01"]
[SourceVersion "1"]
[SourceVersionDate "2010.09.01"]
[SourceQuality "1"]

1. e4 e6 2. d4 d5 3. Nd2 Nf6 4. e5 Nfd7 5. f4 c5 6. Ngf3 Nc6 7. c3 a5 8. a4 Qb6 9. Nb3 cxd4 10. Nfxd4 Be7 11. Be3 Qd8 12. Qg4 0-0 13. Bb5 Qc7 14. 0-0 Nxd4 15. Bxd4 Nc5 16. Bxc5 Bxc5+ 17. Nxc5 Qxc5+ 18. Rf2 f6 19. Raf1 fxe5 20. fxe5 Rxf2 21. Rxf2 Qe7 22. Bd3 Bd7 23. Qf4 g6 24. Bc2 Rf8 25. Qxf8+ Qxf8 26. Rxf8+ Kxf8 27. Kf2 g5 28. Ke3 Ke7 29. Bxh7 Bxa4 30. g3 b6 31. Bd3 Be8 32. h4 gxh4 33. gxh4 Kf8 34. Kf4 Kg7 35. Kg5 b5 36. h5 b4 37. h6+ Kh8 38. cxb4 axb4 39. Kf6 Bd7 40. Ke7 Bc8 41. Kd8 Bb7 42. Kd7 1-0

[Event "Paris-ch op-A"]
[Site "Paris"]
[Date "2010.07.10"]
[Round "8"]
[White "Le Ray, Olivier"]
[Black "Arndt, Uwe"]
[Result "0-1"]
[WhiteElo "1927"]
[BlackElo "2049"]
[PlyCount "56"]
[EventDate "2010.07.03"]
[EventType "swiss"]
[EventRounds "9"]
[EventCountry "FRA"]
[SourceTitle "CBM 137 Extra"]
[Source "ChessBase"]
[SourceDate "2010.09.01"]
[SourceVersion "1"]
[SourceVersionDate "2010.09.01"]
[SourceQuality "1"]

1. e4 c6 2. d4 d5 3. exd5 cxd5 4. c4 Nf6 5. Nc3 e6 6. Nf3 Be7 7. cxd5 Nxd5 8. Bd3 0-0 9. 0-0 Nc6 10. Ne4 Nf6 11. Re1 Nb4 12. Bb1 b6 13. a3 Nbd5 14. Qd3 g6 15. Bh6 Re8 16. Neg5 Ng4 17. Nxf7 Kxf7 18. Ne5+ Nxe5 19. dxe5 Bg5 20. Bxg5 Qxg5 21. Ba2 Bb7 22. h4 Qxg2+ 23. Kxg2 Nf4+ 24. Kg3 Nxd3 25. Re3 Rad8 26. b4 Rd4 27. Rd1 Red8 28. Bb1 Rg4+ 0-1

[Event "Montigny le Bretonneux Noel op 09th"]
[Site "Montigny le Bretonneux"]
[Date "2006.12.27"]
[Round "4"]
[White "Le Ray, Olivier"]
[Black "Douat, Jean"]
[Result "1/2-1/2"]
[WhiteElo "1915"]
[BlackElo "1891"]
[PlyCount "56"]
[EventDate "2006.12.27"]
[EventType "swiss"]
[EventRounds "7"]
[EventCountry "FRA"]
[SourceTitle "CBM 116 Extra"]
[Source "ChessBase"]
[SourceDate "2007.03.07"]
[SourceVersion "1"]
[SourceVersionDate "2007.03.07"]
[SourceQuality "1"]

1. e4 e5 2. Nf3 Nc6 3. Bb5 a6 4. Ba4 Nf6 5. 0-0 Nxe4 6. d4 b5 7. Bb3 d5 8. dxe5 Be6 9. Nbd2 Nc5 10. c3 d4 11. Ng5 Qxg5 12. Qf3 Qd8 13. Qxc6+ Bd7 14. Qf3 Nxb3 15. Nxb3 dxc3 16. Qxc3 b4 17. Qg3 Bb5 18. Re1 Qd3 19. Be3 Qg6 20. Qh3 Be7 21. f4 Bd7 22. Qf3 Bc6 23. Qf2 Bh4 24. g3 Qe4 25. Kf1 Bb5+ 26. Kg1 Bc6 27. Kf1 Bb5+ 28. Kg1 Bc6 1/2-1/2

[Event "Montigny le Bretonneux op 5th"]
[Site "Montigny le Bretonneux"]
[Date "2006.11.03"]
[Round "7.4"]
[White "Le Ray, Olivier"]
[Black "Fayolle, Guy"]
[Result "1-0"]
[WhiteElo "1915"]
[BlackElo "1918"]
[PlyCount "67"]
[EventDate "2006.10.28"]
[EventType "swiss"]
[EventRounds "9"]
[EventCountry "FRA"]
[SourceTitle "EXT 2007"]
[Source "ChessBase"]
[SourceDate "2006.11.23"]
[SourceVersion "1"]
[SourceVersionDate "2006.11.23"]
[SourceQuality "1"]

1. e4 e5 2. Nf3 Nc6 3. Bb5 a6 4. Ba4 Nf6 5. 0-0 Be7 6. Re1 b5 7. Bb3 0-0 8. c3 d6 9. h3 Na5 10. Bc2 c5 11. d4 Nd7 12. a4 Bb7 13. Nbd2 exd4 14. cxd4 b4 15. Nf1 Nc6 16. Ng3 a5 17. Nf5 Bf6 18. d5 Nce5 19. Nxd6 Nxf3+ 20. gxf3 Ba6 21. f4 Bd4 22. Nf5 Qf6 23. e5 Qb6 24. d6 g6 25. Ne7+ Kh8 26. Qg4 f5 27. Qh4 Kg7 28. Qg5 Kh8 29. Be3 Qd8 30. Bxd4 cxd4 31. Nxg6+ hxg6 32. Qh6+ Kg8 33. Bb3+ Rf7 34. e6 1-0

[Event "Montigny le Bretonneux Noel op 08th"]
[Site "Montigny le Bretonneux"]
[Date "2005.12.27"]
[Round "2"]
[White "Legky, Nikolay A"]
[Black "Le Ray, Olivier"]
[Result "1-0"]
[WhiteElo "2453"]
[BlackElo "1984"]
[PlyCount "39"]
[EventDate "2005.12.26"]
[EventType "swiss"]
[EventRounds "7"]
[EventCountry "FRA"]
[SourceTitle "CBM 110 Extra"]
[Source "ChessBase"]
[SourceDate "2006.03.10"]
[SourceVersion "2"]
[SourceVersionDate "2006.03.10"]
[SourceQuality "1"]

1. d4 d6 2. Nf3 Bg4 3. e4 Nd7 4. Bc4 Ngf6 5. Nc3 e5 6. Be3 c6 7. dxe5 dxe5 8. Qd3 Bxf3 9. gxf3 Qc7 10. 0-0-0 b5 11. Bb3 Be7 12. Rhg1 g6 13. Bh6 a5 14. Bg7 Rg8 15. Bxf6 Nxf6 16. a4 b4 17. Qc4 Bd8 18. Ne2 Nh5 19. Rd6 Rc8 20. Rgd1 1-0

[Event "Elancourt op"]
[Site "Elancourt"]
[Date "2005.04.25"]
[Round "3"]
[White "Le Scraigne, Eric"]
[Black "Le Ray, Olivier"]
[Result "0-1"]
[WhiteElo "1740"]
[BlackElo "1982"]
[PlyCount "66"]
[EventDate "2005.04.23"]
[EventType "swiss"]
[EventRounds "9"]
[EventCountry "FRA"]
[SourceTitle "CBM 105 Extra"]
[Source "ChessBase"]
[SourceDate "2005.05.01"]
[SourceVersion "1"]
[SourceVersionDate "2005.05.01"]
[SourceQuality "1"]

1. d4 d6 2. Nf3 Bg4 3. c4 Nd7 4. Nc3 Bxf3 5. exf3 g6 6. Be2 Bg7 7. Be3 Ngf6 8. Qd2 c5 9. 0-0 0-0 10. Rfd1 cxd4 11. Bxd4 h6 12. Rac1 a5 13. Ne4 Kh7 14. Qc3 Qc7 15. Bd3 e5 16. Be3 Nxe4 17. fxe4 f5 18. f3 Rac8 19. Qa3 Nc5 20. b4 axb4 21. Qxb4 Nxd3 22. Rxd3 fxe4 23. fxe4 Qc6 24. Rd5 Rf6 25. Qb5 Ra8 26. Ra1 Ra4 27. Rc1 Rxa2 28. Qb3 Qa6 29. Rd3 Ra4 30. Qb5 Qxb5 31. cxb5 Rxe4 32. Rc7 b6 33. h3 Rb4 0-1

[Event "FRA-ch op-A"]
[Site "Chartres"]
[Date "2005.??.??"]
[Round "4"]
[White "Le Ray, Olivier"]
[Black "Lagunes, Jean Renaud"]
[Result "0-1"]
[WhiteElo "1952"]
[BlackElo "2131"]
[PlyCount "42"]
[EventDate "2005.08.15"]
[EventType "swiss"]
[EventRounds "11"]
[EventCountry "FRA"]
[SourceTitle "EXT 2006"]
[Source "ChessBase"]
[SourceDate "2005.11.24"]
[SourceVersion "1"]
[SourceVersionDate "2005.11.24"]
[SourceQuality "1"]

1. e4 d5 2. exd5 Qxd5 3. Nc3 Qa5 4. d4 Nf6 5. Bc4 Bg4 6. f3 Bd7 7. Bd2 Qb6 8. Nge2 e6 9. 0-0 Be7 10. Kh1 Bc6 11. Nf4 Qxd4 12. Qe2 Nbd7 13. Rfe1 0-0 14. Rad1 Bc5 15. Nxe6 fxe6 16. Qxe6+ Kh8 17. Bg5 Rae8 18. Rxd4 Rxe6 19. Rxe6 Bxd4 20. Re7 Bxc3 21. bxc3 Re8 0-1

[Event "Saint Quentin op 7th"]
[Site "Elancourt"]
[Date "2004.04.22"]
[Round "6"]
[White "Baron, Daniel"]
[Black "Le Ray, Olivier"]
[Result "1-0"]
[WhiteElo "2139"]
[BlackElo "1936"]
[PlyCount "76"]
[EventDate "2004.04.18"]
[EventType "swiss"]
[EventRounds "9"]
[EventCountry "FRA"]
[SourceTitle "EXT 2005"]
[Source "ChessBase"]
[SourceDate "2004.11.15"]
[SourceVersion "1"]
[SourceVersionDate "2004.11.15"]
[SourceQuality "1"]

1. d4 d5 2. c4 dxc4 3. Nf3 Nf6 4. e3 c5 5. Bxc4 e6 6. Qe2 a6 7. dxc5 Bxc5 8. 0-0 b5 9. Bd3 Nbd7 10. a4 b4 11. e4 h6 12. a5 Bb7 13. Nbd2 0-0 14. Nb3 e5 15. Rd1 Qe7 16. Nh4 Rfd8 17. Nf5 Qf8 18. Kh1 Nb8 19. g4 Bxe4+ 20. Bxe4 Rxd1+ 21. Qxd1 Nxe4 22. Qd5 Nxf2+ 23. Kg2 Nxg4 24. Qxa8 Qc8 25. Qd5 Nf6 26. Qf3 e4 27. Qf4 Nbd7 28. Bd2 Qc6 29. Nbd4 Qd5 30. Be3 Nh5 31. Qc7 g6 32. Qd8+ Kh7 33. Ne7 Bxe7 34. Qxe7 Ne5 35. Rf1 Kg7 36. h3 Nd3 37. Ne2 Ne5 38. Bd4 e3+ 1-0

[Event "Saint Quentin op 6th"]
[Site "Elancourt"]
[Date "2003.04.19"]
[Round "9"]
[White "Goujon, Antoine"]
[Black "Le Ray, Olivier"]
[Result "0-1"]
[WhiteElo "1760"]
[BlackElo "1900"]
[PlyCount "78"]
[EventDate "2003.04.12"]
[EventType "swiss"]
[EventRounds "9"]
[EventCountry "FRA"]
[SourceTitle "CBM 093 Extra"]
[Source "ChessBase"]
[SourceDate "2003.05.09"]
[SourceVersion "1"]
[SourceVersionDate "2003.05.09"]
[SourceQuality "1"]

1. e4 e6 2. d4 d5 3. Nc3 Nf6 4. Bg5 dxe4 5. Nxe4 Be7 6. Bxf6 gxf6 7. Nf3 b6 8. Bc4 Bb7 9. Qe2 c6 10. 0-0-0 Qc7 11. Rhe1 Nd7 12. Kb1 0-0-0 13. Ba6 Rhg8 14. g3 Kb8 15. Bxb7 Qxb7 16. Qe3 h5 17. h4 Rg4 18. c4 c5 19. d5 f5 20. Ned2 Nf8 21. dxe6 fxe6 22. Qc3 Rg6 23. Ne5 Bf6 24. Qe3 Rg7 25. Ndf3 Rxd1+ 26. Rxd1 Kc8 27. Qh6 Qe4+ 28. Ka1 Bxe5 29. Nxe5 Qxe5 30. Qh8 Qf6 31. Qxh5 Qf7 32. Qf3 Qb7 33. Qh5 Rd7 34. Qe8+ Kc7 35. Re1 Qc8 36. Qh5 Qd8 37. Qf3 Rd3 38. Qf4+ Qd6 39. Qf3 Rxf3 0-1

[Event "Yvelines-ch"]
[Site "Fontenay le Fleury"]
[Date "2003.02.09"]
[Round "4.10"]
[White "Goujon, Antoine"]
[Black "Le Ray, Olivier"]
[Result "1/2-1/2"]
[WhiteElo "1760"]
[BlackElo "1900"]
[PlyCount "60"]
[EventDate "2003.02.17"]
[EventType "swiss"]
[EventRounds "7"]
[EventCountry "FRA"]
[SourceTitle "EXT 2004"]
[Source "ChessBase"]
[SourceDate "2003.11.25"]
[SourceVersion "1"]
[SourceVersionDate "2003.11.25"]
[SourceQuality "1"]

1. e4 e6 2. d4 d5 3. Nc3 Nf6 4. Bg5 dxe4 5. Nxe4 Be7 6. Bxf6 gxf6 7. Nf3 b6 8. Qd2 Bb7 9. Bd3 Nd7 10. 0-0-0 c6 11. Qf4 Nf8 12. h4 h6 13. h5 f5 14. Ned2 Bd6 15. Qe3 Qf6 16. Nc4 Bc7 17. Nce5 0-0-0 18. Qe2 Nd7 19. Ba6 Nb8 20. Bxb7+ Kxb7 21. Rhe1 Rd6 22. Qc4 Rhd8 23. Rd3 Rd5 24. Rde3 c5 25. dxc5 Rxc5 26. Qa4 Rcd5 27. g3 Qe7 28. c3 Ra5 29. Qb3 Rad5 30. Qa4 Ra5 1/2-1/2